El sindicato, instrumento de conquista / (Record no. 144218)

MARC details
000 -LEADER
campo de control de longitud fija 00572nam a2200181 4500
001 - NÚMERO DE CONTROL
campo de control 144218
003 - IDENTIFICADOR DE NÚMERO DE CONTROL
campo de control ES-MaACL
005 - FECHA Y HORA DE LA ÚLTIMA TRANSACCIÓN
campo de control 20230906200952.0
007 - CAMPO FIJO DE DESCRIPCIÓN FÍSICA--INFORMACIÓN GENERAL
campo de control de longitud fija t|
008 - DATOS DE LONGITUD FIJA--INFORMACIÓN GENERAL
campo de control de longitud fija 070214s1966 sp r ||||1| spa d
110 2# - ENTRADA PRINCIPAL--NOMBRE DE ENTIDAD CORPORATIVA
Nombre de entidad corporativa o nombre de jurisdicción como elemento de entrada Grupos Obreros de Estudios Sociales (Madrid)
9 (RLIN) 4547
245 13 - MENCIÓN DEL TÍTULO
Título El sindicato, instrumento de conquista /
Mención de responsabilidad, etc. autor... Grupos Obreros de Estudios Sociales.
260 ## - PUBLICACIÓN, DISTRIBUCIÓN, ETC.
Lugar de publicación, distribución, etc. Madrid :
Nombre del editor, distribuidor, etc. HOAC,
Fecha de publicación, distribución, etc. 1966 (
Fabricante Acati)
300 ## - DESCRIPCIÓN FÍSICA
Extensión 93 p. ;
Dimensiones 11 cm.
500 ## - NOTA GENERAL
Nota general Volumen apaisado.
500 ## - NOTA GENERAL
Nota general Suplemento del Boletin HOAC.
852 ## - LOCALIZACIÓN
Ubicación ES-MaACL
Número de control de estantería C-31434
Sublocalización o colección R.61330
Holdings
Estatus retirado Estado de pérdida Estado de daño No para préstamo Biblioteca de origen Biblioteca actual Ubicación en estantería Fecha de adquisición Fuente de adquisición Total de préstamos Signatura topográfica completa Código de barras Visto por última vez Precio de reemplazo Tipo de ítem Koha
        Biblioteca del Ateneo de Madrid Biblioteca del Ateneo de Madrid Depósito 2 17/01/2008     C-31434 1150044 23/02/2023 23/02/2023 Libro impreso